| 000 | 00434nam a22001217a 4500 | ||
|---|---|---|---|
| 999 |
_c18800 _d18800 |
||
| 008 | 210219b xxu||||| |||| 00| 0 eng d | ||
| 050 |
_aGMB0219 _b.S26 2015 c.1 |
||
| 100 | _aSambu, Tobias Kiplagat | ||
| 245 |
_aAn analysis of microeconomic determinants on stock market development in Kenya (1990-2014) _cTobias Kiplagat Sambu |
||
| 260 |
_aKabarak, Nakuru, Kenya _bKabarak University _c2015 |
||
| 300 | _a60 leaves | ||
| 942 |
_2lcc _cTHE |
||